Ethnic differences (Record no. 494158)

MARC details
000 -LEADER
fixed length control field 00869nam a2200265Ia 4500
003 - CONTROL NUMBER IDENTIFIER
control field OSt
005 - DATE AND TIME OF LATEST TRANSACTION
control field 20220925175648.0
008 - FIXED-LENGTH DATA ELEMENTS--GENERAL INFORMATION
fixed length control field 220923b |||||||| |||| 00| 0 eng d
020 ## - INTERNATIONAL STANDARD BOOK NUMBER
International Standard Book Number 0 521 35093 X
037 ## - SOURCE OF ACQUISITION
Terms of availability General Book
040 ## - CATALOGING SOURCE
Original cataloging agency RTL
Transcribing agency RTL
Language of cataloging eng
041 ## - LANGUAGE CODE
Source of code eng
Language code of text/sound track or separate title eng
100 ## - MAIN ENTRY--PERSONAL NAME
Personal name Perlmann Joel
9 (RLIN) 249399
245 #0 - TITLE STATEMENT
Title Ethnic differences
Remainder of title Schooling and social structure among the irish, Italian jews and black in an American city, 1880-1935
260 ## - PUBLICATION, DISTRIBUTION, ETC.
Place of publication, distribution, etc. Cambridge
Name of publisher, distributor, etc. Cambridge University Press
Date of publication, distribution, etc. 1988
300 ## - PHYSICAL DESCRIPTION
Extent xi,327p
Dimensions cm.
490 ## - SERIES STATEMENT
Series statement Interdisciplinary Prespectives on Modern History
500 ## - GENERAL NOTE
General note Appendix:P221-52
650 ## - SUBJECT ADDED ENTRY--TOPICAL TERM
Topical term or geographic name entry element Minorities
942 ## - ADDED ENTRY ELEMENTS (KOHA)
Classification part Y58:3(T).7391.N4, M8
Koha item type General Books
Source of classification or shelving scheme Colon Classification (CC)
Holdings
Withdrawn status Lost status Damaged status Not for loan Home library Current library Date acquired Total Checkouts Full call number Barcode Date last seen Price effective from Koha item type
        Ratan Tata Library Ratan Tata Library 2022-09-25   Y58:3(T).7391.N4 M8 RT1049395 2022-09-25 2022-09-25 General Books
Copyright @ Delhi University Library System